The Vietnam Quiz Stats

 Plays Quiz Updated Jun 22, 2017

Also try: The Indonesia Quiz
Challenge
Share
Tweet
Embed
Score 0/50 Timer 07:00
0 Plays Today
Hint Answer % Correct
Flag ColorRed
94.5%
Major RiverRed River
94.4%
Flag ColorYellow
90.7%
Nationality (Demonym)Vietnamese
89.2%
Official LanguageVietnamese
89.2%
CapitalHanoi
83.9%
Bordering CountryLaos
83.4%
Bordering CountryChina
83.1%
Bordering CountryCambodia
82%
Largest CityHo Chi Minh City (Saigon)
77.8%
ContinentAsia
77.6%
Drives on the...Right
76.1%
Founder of Democratic Republic of Vietnam ('North Vietnam')Hồ Chí Minh
75.6%
Symbol on FlagStar
73.6%
Age of Suffrage18
71.2%
Independence FromFrance
65.6%
Majority ReligionBuddhism
59.4%
Bordering SeaSouth China Sea
57.1%
Lowest Point (0 m)South China Sea
57.1%
Internet Country Code.vn
56.9%
Major RiverMekong River
50%
Popular Noodle SoupPhở
49.7%
CurrencyĐồng
47.3%
Date Vietnam War Ended
(Fall of Saigon)
April 30, 1975
44.3%
Bordering Body of WaterGulf of Thailand
41.2%
Hint Answer % Correct
Average Life Expectancy72 years
39.7%
Number of Provinces58 (plus 5 centrally controlled municipalities)
37.4%
Most Important HolidayTết (Lunar New Year)
33.7%
Last Imperial CapitalHuế
31.9%
Third Largest CityĐà Nẵng
30.1%
Date of ReunificationJuly 2, 1976
28.9%
International Calling Code+84
28.7%
Population (approx. in millions)92,700,000
27.9%
Official NameSocialist Republic of Vietnam
25.3%
Date of North-South PartitionJuly 21, 1954
23.7%
Type of GovernmentUnitary Socialist Republic/Single Party State
19.4%
Bordering Body of WaterGulf of Tonkin
17.5%
Independence DaySeptember 2, 1945
17.3%
Fourth Largest CityHải Phòng
16.8%
Prime MinisterNguyễn Xuân Phúc
14.5%
National CostumeAo dai
12.6%
General Secretary of the Communist PartyNguyễn Phú Trọng
12.2%
Fifth Largest CityCần Thơ
11.6%
PresidentTrần Đại Quang
9.5%
Last MonarchBảo Đại
8.5%
National AnthemTiến Quân Ca (Song of Advancing Soldiers)
7.5%
Highest Point (3,143 m)Fansipan (Phan Xi Păng)
7.1%
Largest ProvinceNghệ An
5%
Smallest ProvinceBắc Ninh
3.8%
Famous Medieval Battle SiteBạch Đằng River
3.3%

You're not logged in!

Compare scores with friends on all Sporcle quizzes.
Join for Free
OR
Log In

You Might Also Like...

Show Comments

Extras

Top Quizzes Today


Score Distribution

Your Account Isn't Verified!

In order to create a playlist on Sporcle, you need to verify the email address you used during registration. Go to your Sporcle Settings to finish the process.

Report this User

Report this user for behavior that violates our Community Guidelines.

Details: